000 00386nam a2200133Ia 4500
005 20210429153911.0
008 210429s9999 xx 000 0 und d
082 _a660 A5341F
100 _aSyed Hamad Shah Andrabi, Minahil Sana Qasim Khan, Saqib Afzal Khan
_955040
245 _aFlare Gas Recovery at OGDCL (UG-CHE-2016)
260 _c2016
300 _a111p.30cm.
942 _2ddc
_cTH
999 _c561088
_d561088